[Event "Chesscup Blitz 2020"]
[Site "Katowice"]
[Date "2020.09.12"]
[Round "3.10"]
[White "Czyz, Andrzej"]
[Black "Teclaf, Pawel"]
[Result "0-1"]
[WhiteElo "1902"]
[BlackElo "2464"]
[Annotator "TA"]
[PlyCount "119"]
[EventDate "2020.09.12"]
[EventType "swiss"]
[EventCountry "POL"]
[SourceTitle "playchess.com"]
[Source "ChessBase"]
[SourceQuality "1"]

{[%evp 15,119,2,20,22,10,19,16,0,0,-2,5,0,16,6,27,12,17,14,14,10,8,16,8,0,0,0,0,-4,18,25,27,0,50,37,131,0,0,-43,-39,-37,0,-62,-56,-42,-33,-65,-15,-56,-4,-115,-107,-111,-115,-123,-112,-135,0,-9,-17,-243,-248,-246,-159,-164,-5,-153,-146,-772,-758,-760,-760,-760,-760,-752,-741,-733,-678,-874,-904,-1239,-1024,-5202,-5197,-29962,-29938,-29981,-29982,-29982,-29983,-29985,-29977,-29992,-29986,-29986,-29987,-29987,-29988,-29990,-29988,-29988,-29987,-29987,-29986,-29986,-29987,-29986]} 1. d4 Nf6 2. Nf3 b6 3. c4 Bb7 4. Nc3 g6 5. Bf4 Bg7 6. e3 O-O 7. Be2 d6 8. O-O Nbd7 9. Rc1 {E61: King's Indian: Early deviations for White, including Smyslov System.} Ne4 10. Nxe4 Bxe4 11. Nd2 {The position is equal.} Bb7 {[#]} 12. Bf3 $146 ({Predecessor:} 12. b4 e5 13. dxe5 Nxe5 14. Nf3 Qe7 15. c5 dxc5 16. Nxe5 Bxe5 17. Bxe5 Qxe5 18. bxc5 {0-1 (37) De Carvalho Machado,F (1775)-Freitas,R (1714) Barbacena 2019}) 12... Bxf3 13. Nxf3 c5 14. b3 Qc8 15. d5 a6 16. Re1 b5 17. e4 bxc4 18. Rxc4 Qb7 19. Rc2 Nb6 20. Qd2 a5 21. Bh6 f6 22. Bxg7 Kxg7 23. h4 a4 24. b4 Rac8 (24... Nd7 $14) 25. a3 (25. bxc5 $16 dxc5 26. Rb1) 25... cxb4 $11 {...Rxc2 is the strong threat.} 26. axb4 Rxc2 27. Qxc2 Qc8 (27... Rc8 $5 {[%cal Rc8c2]} 28. Qd3 Qc7 $11) 28. Qc6 (28. Qd2 $11) 28... Qxc6 29. dxc6 $15 {[%mdl 4096] Endgame KRN-KRN} Kf7 30. b5 e5 31. Rd1 Ke6 (31... Ke7 $15) 32. Kf1 (32. Nd2 $11 {remains equal.}) 32... Ra8 $17 33. Ne1 Ra5 34. Rb1 a3 35. Nc2 Nc4 ({Better is} 35... f5 $17 36. Ra1 a2 37. exf5+ gxf5) 36. Ke2 a2 37. Rb4 $2 (37. Ra1 $1 $11) 37... Nb6 $19 38. Na1 Ra3 39. f3 Rc3 $2 ({Black should try} 39... d5 $19 {Strongly threatening ...Kd6.} 40. exd5+ Kd6) 40. Kd2 {[#]} (40. Rb2 $1 $11) 40... Rc5 $1 $17 41. Rb2 $2 {[%mdl 8192]} (41. Rb3 $17) 41... Nc4+ $19 {[%mdl 64] Double Attack} 42. Kc3 Nxb2+ 43. Kxb2 Rxb5+ 44. Kxa2 {KR-KN} Rc5 45. Kb2 Rxc6 46. Nb3 d5 47. exd5+ Kxd5 48. Nd2 f5 49. g3 e4 {Black mates.} 50. fxe4+ fxe4 51. Nf1 Kd4 52. Nd2 e3 53. Nb3+ Kd5 54. Nc1 {[#]} Rxc1 $1 55. Kxc1 {K3P-KPP} Ke4 56. Kd1 Kf3 57. Ke1 Kxg3 58. Ke2 Kxh4 59. Kxe3 Kg3 60. Ke2 {Accuracy: White = 52%, Black = 72%.} 0-1

[Event "Chesscup Blitz 2020"]
[Site "Katowice"]
[Date "2020.09.12"]
[Round "4.1"]
[White "Sadzikowski, Daniel"]
[Black "Socko, Bartosz"]
[Result "1-0"]
[WhiteElo "2413"]
[BlackElo "2601"]
[Annotator "TA"]
[PlyCount "93"]
[EventDate "2020.09.12"]
[EventType "swiss"]
[EventCountry "POL"]
[SourceTitle "playchess.com"]
[Source "ChessBase"]
[SourceQuality "1"]

{[%evp 12,93,11,14,27,7,35,40,45,17,25,14,37,30,31,22,62,3,48,19,25,20,21,10,27,0,17,-32,-25,-15,0,-11,-4,-81,-72,-88,-83,-73,0,-83,-37,-39,-14,-29,-27,-33,22,19,45,45,85,80,84,66,275,242,277,14,495,-36,-32,-83,-16,-17,0,-23,0,-16,0,0,0,0,0,0,24,28,93,76,207,-162,30,-196,61,68]} 1. d4 Nf6 2. c4 e6 3. Nf3 b6 4. g3 Bb7 5. Bg2 Be7 6. O-O O-O 7. Re1 {is now debated instead of 7.Nc3.} a5 {[#] E17: Queen's Indian: 4 g3 Bb7 5 Bg2 Be7.} 8. h4 $146 ({Predecessor:} 8. Bg5 Na6 9. Nc3 Ne4 10. Nxe4 Bxe4 11. Bxe7 Qxe7 12. Ne5 Bxg2 13. Kxg2 c5 14. e4 cxd4 15. Qxd4 {½-½ (25) Basso,P (2600)-Durarbayli,V (2625) Caleta 2020}) 8... Na6 9. Nc3 Bb4 10. Qc2 Bxc3 11. Qxc3 Ne4 12. Qc2 f5 13. a3 Qf6 14. e3 (14. Be3 $14) 14... Rae8 15. b3 d6 16. Bb2 h6 17. Rad1 Ba8 18. d5 e5 19. Nh2 Bb7 20. Nf1 Bc8 21. f3 Nec5 22. Nh2 (22. Bc3 $11) 22... Qg6 $17 23. Nf1 Qh5 24. Qc3 Qg6 ({Black should try} 24... Bd7 $17) 25. Ba1 (25. Qc2 $1 $11) 25... Nd7 26. b4 axb4 27. axb4 Nf6 28. Rd2 e4 (28... Nh5 $15) 29. f4 $1 $11 Nh5 30. Bh3 Bd7 31. Rg2 Ra8 32. Bb2 Ra7 $2 (32... Nb8 $1 $14) 33. Nh2 $18 Nf6 34. Kh1 $2 (34. Ra1 $18) 34... Rfa8 $2 {[%mdl 8192] [#]} (34... h5 $11) 35. Reg1 $2 ({White has to play} 35. g4 $1 $18 {[%mdl 512]} fxg4 36. Bxg4 $1 {[%mdl 512]} Bxg4 37. Nxg4 Nxg4 38. f5 $1 {[%mdl 512]}) 35... h5 $1 $15 36. Rc1 (36. Rd1 $15) 36... Qf7 (36... Nb8 $17) 37. Rd2 Qg6 38. Nf1 Kh7 39. Kg2 Ng4 40. Bxg4 Qxg4 41. Rf2 Nb8 42. Nd2 Ra2 43. Nb3 Ba4 {[#]} (43... c5 $11 {remains equal.}) 44. Nd4 $1 $16 {[%cal Rd4e6] Ne6 is the strong threat.} Nd7 {[#]} (44... Bd7 $16 {was necessary.}) 45. Nxf5 $4 {[%mdl 8192]} (45. Ne6 $1 $18 {[%cal Re6g5] was the only winning move. aiming for Ng5+.} Nf6 46. Nxc7) 45... Nf6 $2 (45... Rxb2 $1 $19 46. Rxb2 Qxf5) 46. Nxg7 $2 (46. Nd4 $1 $11 {and White has nothing to worry.}) 46... Qxg7 $2 ({Better is} 46... Rxb2 $1 $19 47. Qxb2 Kxg7) 47. Qxf6 {Accuracy: White = 57%, Black = 47%.} 1-0

[Event "Chesscup Blitz 2020"]
[Site "Katowice"]
[Date "2020.09.12"]
[Round "4.2"]
[White "Miton, Kamil"]
[Black "Socko, Monika"]
[Result "1-0"]
[WhiteElo "2590"]
[BlackElo "2289"]
[Annotator "TA"]
[PlyCount "82"]
[EventDate "2020.09.12"]
[EventType "swiss"]
[EventCountry "POL"]
[SourceTitle "playchess.com"]
[Source "ChessBase"]
[SourceQuality "1"]

{[%evp 11,82,19,16,10,19,10,21,14,56,50,64,41,63,65,70,72,86,63,65,40,45,35,44,49,72,70,64,60,62,58,66,73,66,69,73,74,125,115,180,188,223,224,220,201,249,249,253,236,294,295,316,309,376,375,342,341,374,374,372,353,357,370,364,328,655,653,557,454,663,650,631,590,657]} 1. d4 Nf6 2. c4 e6 3. g3 c5 4. Nf3 cxd4 5. Nxd4 Bb4+ 6. Bd2 Be7 7. Bg2 {A32: Symmetrical English: 2 Nf3 Nf6 3 d4 cxd4 4 Nxd4 e6.} O-O 8. Nc3 Nc6 9. Bf4 {The position is equal.} Nxd4 10. Qxd4 d6 {Strongly threatening ...e5.} 11. Qd2 {[#]} h6 $146 ({Predecessor:} 11... Nh5 12. Be3 Qc7 13. Rc1 Bd7 14. O-O a6 15. Rfd1 Rfd8 16. Bf3 Nf6 17. Bf4 Ne8 18. c5 Bc6 19. Qe1 Bxf3 20. exf3 Qa5 21. Nd5 Qxe1+ 22. Rxe1 Bf8 {0-1 (84) Petrik,T (2487)-Zhigalko,A (2568) Dresden 2008}) 12. O-O e5 13. Be3 Ng4 14. Nd5 Nxe3 15. Nxe7+ (15. Qxe3 {is interesting.} Be6 16. Rfd1 Qd7 17. Nxe7+ Qxe7 18. b3) 15... Qxe7 16. Qxe3 Be6 17. b3 Rfd8 18. Rfd1 Qc7 19. Rd2 a6 20. Rad1 Rd7 21. Bd5 Re8 22. a4 Bf5 23. b4 {[%cal Bb3b4,Bb4b5,Bb5b6][%mdl 32]} a5 ({Black should try} 23... Rc8) 24. b5 $1 $16 Red8 (24... Qc8 $16) 25. b6 $1 $18 {[%cal Rb6c7]} Qc5 {[#]} 26. Qxc5 $1 dxc5 {[#]} 27. e4 $1 {[%cal Re4f5]} Bg4 {[#]} 28. f3 $1 {[%mdl 512]} Be6 (28... Bxf3 29. Bxf7+) 29. Rb1 Rd6 30. Rb5 Kf8 31. Rdb2 ({Not} 31. Rxc5 Rxb6 32. Rxa5 Ke7 $16) 31... Bxd5 32. exd5 {[%mdl 4096] Endgame KRR-KRR} Rc8 33. Rxa5 Ke7 34. Ra7 Rd7 35. a5 {[%cal Ba4a5,Ba5a6][%mdl 32]} Kd6 36. Kf2 f5 37. Ke3 g5 $2 (37... h5 38. a6 Rb8) 38. a6 {White is clearly winning.} Rb8 39. axb7 Rf7 (39... h5 $142 40. h3 Re7) 40. Ra8 Rbxb7 41. Rd8+ Rfd7 {Black did not feel at home in the position after the opening. Accuracy: White = 97%, Black = 64%.} 1-0

[Event "Chesscup Blitz 2020"]
[Site "Katowice"]
[Date "2020.09.12"]
[Round "4.3"]
[White "Tsatsalashvili, Keti"]
[Black "Krasenkow, Michal"]
[Result "1/2-1/2"]
[WhiteElo "2246"]
[BlackElo "2605"]
[Annotator "TA"]
[PlyCount "112"]
[EventDate "2020.09.12"]
[EventType "swiss"]
[EventCountry "POL"]
[SourceTitle "playchess.com"]
[Source "ChessBase"]
[SourceQuality "1"]

{[%evp 9,112,40,39,35,43,44,45,-9,31,31,36,18,18,18,76,54,74,7,1,-3,-4,-31,-26,-19,-1,-12,0,0,25,-4,31,31,30,-34,-28,-60,-68,-53,0,0,0,0,0,0,0,0,0,0,0,0,0,0,8,0,0,0,0,0,0,0,0,0,0,0,0,0,0,0,0,-100,0,0,0,0,0,0,0,0,0,-226,0,-233,0,-233,-241,-29966,-29967,-29968,-29969,-29968,-29970,-29968,-29971,-29970,0,-29960,0,0,0,0,0,0,0,0,0]} 1. d4 d6 2. Nf3 Bg4 3. Bf4 Nd7 4. Nbd2 g6 5. h3 Bxf3 6. Nxf3 {A41: 1 d4 d6: Tartakower System and Modern Defence.} Bg7 7. e3 e5 8. Bg5 ({White should try} 8. Bh2 $14) 8... Ne7 {[#]} 9. dxe5 $146 ({Predecessor:} 9. c3 f6 10. Bh4 Nf5 11. Qb3 e4 12. g4 Nxh4 13. Nxh4 Rb8 14. Qd5 Qe7 15. Bg2 {0-1 (29) Troesch,T (2188)-Albrecht,R (2219) Berlin 2002}) 9... Nxe5 10. Nxe5 Bxe5 11. c3 O-O (11... h6 $11 {remains equal.} 12. Bf4 Bxf4 13. Qa4+ c6 14. Qxf4 Nd5) 12. Bc4 Qd7 13. Bxe7 (13. Qg4 $16 Qxg4 14. hxg4) 13... Qxe7 $11 14. O-O c6 15. Qf3 d5 16. Bd3 f5 17. g3 h5 18. h4 b5 19. Rfe1 b4 20. cxb4 Qxb4 21. Qe2 (21. Rec1 $11) 21... Qxb2 $15 ({And not} 21... Bxb2 22. Rab1 $16) 22. Qxb2 Bxb2 23. Rab1 Ba3 (23... Rab8 $15) 24. Rb3 $11 Bd6 25. Ba6 Rad8 26. Bb7 Rf6 27. Bxc6 Bxg3 28. Bxd5+ Rxd5 29. fxg3 {[%mdl 4096] Endgame KRR-KRR} Rfd6 30. Re2 Rd2 31. Kf2 (31. Rxd2 {feels hotter.} Rxd2 32. Ra3 Kf7 33. Rxa7+ Kf6 34. Ra6+) 31... Rxe2+ 32. Kxe2 {KR-KR} Ra6 33. a3 Ra4 34. Kf3 Kf7 35. Rd3 Ke6 36. Kf2 Ke5 37. Kf3 a5 38. Kf2 Rc4 39. Rb3 (39. Kf3 $11) 39... a4 (39... Ke4 $17 {...Rc2+ is the strong threat.} 40. Rb2 Rc3) 40. Rb6 Rc3 41. Rxg6 Rxa3 42. Kf3 Ra1 {White must now prevent ...a3.} 43. Ra6 a3 44. Ra4 $2 (44. Ra5+ $11 Kf6 45. Ra6+ Ke5 46. Ra5+ Ke6 47. Kf4) 44... Kd5 $2 (44... a2 $19 {( -> ...Rf1+)} 45. Ra5+ Kd6 46. Ra6+ Kd5) 45. Ra8 $2 (45. Kf4 $11) 45... Kc4 $2 ({Black should play} 45... a2 $19 {And now ...Rf1+ would win.} 46. Kg2 Kc4) 46. Ra7 $2 (46. Kf4 $1 $11 {and White is okay.}) 46... Kb3 47. Kf4 $2 {[#]} (47. Rb7+ $19 Kc4 48. Rc7+ Kd5 49. Rd7+ Ke6 50. Ra7) 47... Rf1+ 48. Kg5 a2 49. Kxh5 a1=Q 50. Rxa1 Rxa1 {KR-K3P} 51. Kg6 Rg1 $2 (51... Rf1 52. h5 Kc4 53. h6 Rh1 54. h7 Rh3 55. Kxf5 Rxh7 56. g4 Rf7+ 57. Ke5 Rg7 58. Kf5 Kd5 59. e4+ Kd6 60. g5 Rf7+ 61. Kg6 Ke6 62. Kh6 Rf4 63. g6 Rxe4 64. Kg5 Re2 65. Kf4 Kf6 66. g7 Kxg7 67. Kf5 Re1 68. Kg5 Rf1 69. Kg4 Kf6 70. Kg3 Kg5 71. Kg2 Rf4 72. Kg3 Rf7 73. Kh3 Kf4 74. Kg2 Kg4 75. Kh1 Kh3 76. Kg1 Kg3 77. Kh1 Rf1#) 52. h5 $2 {[%mdl 8192] [#]} (52. Kxf5 $11 Rc1 53. h5) 52... Rxg3+ $2 (52... Rh1 $1 {mates} 53. Kxf5 Rxh5+ 54. Kf6 Rh6+ 55. Kf7 Rh1 56. g4 Rg1 57. e4 Kc4 58. e5 Kd5 59. e6 Kd6 60. e7 Rf1+ 61. Ke8 Ke6 62. Kd8 Rd1+ 63. Kc7 Kxe7 64. Kc6 Ke6 65. Kc5 Rg1 66. g5 Rxg5+ 67. Kd4 Rd5+ 68. Ke4 Rd1 69. Ke3 Kf5 70. Ke2 Rd7 71. Ke3 Rd5 72. Kf2 Kf4 73. Ke2 Rd4 74. Kf2 Re4 75. Kg2 Re2+ 76. Kf1 Kf3 77. Kg1 Kg3 78. Kf1 Re3 79. Kg1 Re1#) 53. Kxf5 {The position is equal.} Kc4 54. h6 Kd5 {aiming for ...Rf3+.} 55. Kf6 Rh3 56. Kg7 Ke4 {Accuracy: White = 69%, Black = 78%.} 1/2-1/2

[Event "Chesscup Blitz 2020"]
[Site "Katowice"]
[Date "2020.09.12"]
[Round "4.4"]
[White "Piorun, Kacper"]
[Black "Jarmula, Lukasz"]
[Result "1-0"]
[WhiteElo "2596"]
[BlackElo "2244"]
[Annotator "TA"]
[PlyCount "75"]
[EventDate "2020.09.12"]
[EventType "swiss"]
[EventCountry "POL"]
[SourceTitle "playchess.com"]
[Source "ChessBase"]
[SourceQuality "1"]

{[%evp 20,75,8,-8,0,-17,9,0,0,0,0,-27,0,-4,0,-35,8,3,5,-42,-2,-39,0,0,27,0,15,15,21,6,10,6,18,4,26,25,36,39,44,42,47,27,138,19,30,25,25,16,224,233,224,220,290,290,283,274,522,510]} 1. e4 e5 2. Nc3 Nc6 3. Bc4 Nf6 4. d3 Na5 5. Bb3 Be7 6. Nf3 d6 7. O-O O-O 8. h3 Nxb3 9. axb3 c6 10. d4 Qc7 11. Be3 b5 {C55: Two Knights: 4 d3, 4 d4 exd4 5 e5 and Max Lange Attack.} 12. Nd2 b4 13. Ne2 exd4 {The position is equal.} 14. Nxd4 c5 15. Ne2 {[%cal Bd4e2,Be2g3,Bg3f5,Bf5d6][%mdl 32] [#]} Bb7 $146 ({Predecessor:} 15... d5 16. Bf4 Qc6 17. e5 Nh5 18. Bh2 g6 19. Nf3 Rd8 20. Qd2 d4 {0-1 (29) Efimov,M-Luthgens,E ICCF corr 1997}) 16. Ng3 d5 17. Re1 Nxe4 18. Ndxe4 dxe4 19. Qg4 Bf6 20. Nf5 Kh8 {White must now prevent ...g6.} 21. Bf4 Qc8 22. Nd6 Qxg4 23. hxg4 Bc8 24. Rxe4 Bxb2 25. Ra5 Bxg4 26. Rxc5 Bc3 27. Be5 Bxe5 28. Rcxe5 Be6 29. Rxb4 Rfd8 30. Rd4 {[#] Hoping for Rxe6!} Rd7 (30... Kg8 $11 {keeps the balance.}) 31. Re3 (31. Nxf7+ $1 $16 Rxf7 32. Rxe6) 31... Rad8 32. Red3 $36 {[%mdl 2048] aiming for Nxf7+! White has some pressure.} Kg8 33. c4 Rc7 $2 {[#] Loses the game.} (33... a5 $11) 34. Nb5 $1 $18 {[%cal Rd4d8][%mdl 512]} Rxd4 35. Rxd4 {[%cal Rd4d8]} Rd7 36. Rxd7 Bxd7 37. Nxa7 f6 $2 (37... Kf8 38. c5 Be6) 38. c5 {Accuracy: White = 67%, Black = 44%.} 1-0

[Event "Chesscup Blitz 2020"]
[Site "Katowice"]
[Date "2020.09.12"]
[Round "4.5"]
[White "Kos, Pawel"]
[Black "Janik, Igor"]
[Result "0-1"]
[WhiteElo "2234"]
[BlackElo "2470"]
[Annotator "TA"]
[PlyCount "115"]
[EventDate "2020.09.12"]
[EventType "swiss"]
[EventCountry "POL"]
[SourceTitle "playchess.com"]
[Source "ChessBase"]
[SourceQuality "1"]

{[%evp 20,115,-18,-22,0,-21,-6,-28,-13,-77,-69,-71,-72,-108,-111,-151,-76,-78,-70,-120,-75,-77,-67,-54,-66,-76,13,17,117,86,328,331,347,314,407,-5,15,17,17,-223,-228,-228,-237,-222,-222,-222,-220,-208,-213,-222,-222,-279,-279,-247,-216,-211,-201,-173,-126,-135,-85,-86,-85,-136,-30,-168,-109,-107,-104,-29992,-4141,-29993,-456,-1364,-1246,-1246,-45,-1437,-1264,-29999,-29977,-29977,-29978,-29978,-29979,-29979,-29980,-29979,-29980,-29972,-29973,-29982,-29983,-29985,-29978,-29986,-29987,-29988]} 1. Nf3 Nf6 2. g3 b6 3. Bg2 Bb7 4. O-O c5 5. d3 g6 6. c4 Bg7 7. Nc3 O-O 8. a3 Nc6 9. Rb1 d5 10. cxd5 Nxd5 11. Bd2 a5 {[#] A30: Symmetrical English: Double Fianchetto and Hedgehog.} 12. Na4 $146 ({Predecessor:} 12. Nxd5 Qxd5 13. Ne1 Qd7 14. Qb3 Nd4 15. Qxb6 Nxe2+ 16. Kh1 Bxg2+ 17. Kxg2 Qd5+ 18. f3 {0-1 (29) Chatterjee,S (1336)-Englisch,C (2128) London 2017}) 12... e6 13. e4 Nde7 {Black has an edge.} 14. Bc3 (14. b4 $1 $11) 14... Ba6 $17 15. Bxg7 Kxg7 16. Ne1 Ne5 {[%cal Re5d3]} 17. Qb3 Rb8 (17... Bxd3 18. Nxd3 Qxd3 19. Qxb6 $14) (17... Nxd3 $6 18. Nxb6 Rb8 19. Qc3+ Ne5 20. Nf3 $11 (20. Qxe5+ f6 $17)) (17... N7c6 $142 18. Qxb6 Qxb6 19. Nxb6 Rab8) 18. Qc3 f6 19. b4 axb4 (19... Nxd3 20. b5 $14) (19... Bxd3 $6 20. Rd1 $14) 20. axb4 cxb4 ({Much worse is} 20... Bxd3 $6 21. Rd1 $14) 21. Rxb4 N7c6 22. Rb2 Qd6 ({Of course not} 22... Bxd3 23. Rd2 $11) (22... Nd4 $17 {White must now prevent ...Bb5.} 23. f4 Ng4) 23. f4 $11 Nf7 {[#]} (23... Nd7 $11 {keeps the balance.}) 24. e5 $1 {[%mdl 512]} fxe5 $2 (24... Qd4+ $16 25. Rff2 Qxc3 26. Nxc3 Nfd8) 25. Qxc6 $18 ({Inferior is} 25. Bxc6 Rfc8 $15) 25... Qd4+ 26. Kh1 Rfc8 27. Qe4 $2 (27. Qxe6 $18 exf4 28. Rbf2) 27... b5 {aiming for ...Qxe4.} 28. Qxd4 exd4 29. Nc2 $2 (29. Ra2 $11 {and White has nothing to worry.} bxa4 30. Rxa4 {[%mdl 64] Double Attack}) 29... bxa4 $19 {[%mdl 64] [#] Discovered Attack} 30. Rxb8 Rxb8 31. Nxd4 Bxd3 32. Ra1 Rb1+ 33. Rxb1 Bxb1 34. Nxe6+ {[%mdl 4096] Endgame KBN-KBN} Kf6 35. Nc5 a3 36. Nb3 Bc2 37. Na1 Ba4 38. Kg1 Nd6 39. Bd5 Nb5 40. Kf2 Nc3 41. Bg8 (41. Bf3 $142) 41... h6 (41... Bd7 $17 42. Ke3 Be6 43. Bxe6 Kxe6) 42. h3 (42. Ke3 $11 {and White stays safe.}) 42... Ne4+ ({Better is} 42... Bd7 $19 43. Ke3 Bxh3) 43. Kf3 $17 Bc6 44. Kg4 $2 {[%mdl 8192]} (44. Ke3 $17) 44... Nf2+ 45. Kh4 g5+ (45... Be8 $142 46. g4 Ne4 47. g5+ Kf5 48. Bh7 Kxf4 49. Bxg6 Bxg6 50. gxh6 Nd6 51. Nb3 Nf5#) 46. fxg5+ (46. Kh5 $142 Kg7 47. fxg5 Bf3+ 48. g4 Kxg8 49. gxh6) 46... hxg5+ $19 47. Kh5 Ne4 $2 (47... Bf3+ $19 48. Kh6 Be4) 48. Kg4 $2 {[%mdl 8192]} (48. h4 $15) 48... Kg6 {[%cal Re4f6]} 49. h4 Nf6+ {Black mates.} 50. Kh3 g4+ 51. Kh2 Nxg8 52. Kg1 Nf6 53. Kf2 Kf5 54. Ke3 Ne4 55. Nc2 a2 56. h5 Kg5 57. Na1 Nxg3 58. Kd4 {Accuracy: White = 50%, Black = 55%.} 0-1

[Event "Chesscup Blitz 2020"]
[Site "Katowice"]
[Date "2020.09.12"]
[Round "4.6"]
[White "Jakubowski, Krzysztof"]
[Black "Walter, Szymon"]
[Result "1/2-1/2"]
[WhiteElo "2481"]
[BlackElo "2227"]
[Annotator "TA"]
[PlyCount "46"]
[EventDate "2020.09.12"]
[EventType "swiss"]
[EventCountry "POL"]
[SourceTitle "playchess.com"]
[Source "ChessBase"]
[SourceQuality "1"]

{[%evp 15,46,42,33,14,47,43,47,48,60,0,0,-46,-7,-9,8,25,23,0,0,0,0,0,0,-63,0,0,0,0,0,0,0,0,0]} 1. d4 Nf6 2. c4 g6 3. Nc3 Bg7 4. e4 d6 5. f3 O-O 6. Nge2 c6 7. Be3 a6 8. Qd2 b5 9. Ng3 {E81: King's Indian: Sämisch: 6th move deviations (including 6 Be3 c6).} bxc4 10. Bxc4 d5 11. Bb3 {White is slightly better.} dxe4 {[#]} 12. fxe4 $146 (12. Ngxe4 $14 Nbd7 13. O-O) ({Predecessor:} 12. Ngxe4 a5 13. O-O Nbd7 14. Rac1 Nb6 15. Na4 Nfd5 16. Bh6 Ba6 17. Bxg7 Kxg7 18. Nxb6 Nxb6 {1-0 (47) Votava,J (2521)-Miesbauer,J (2390) Czech Republic 2019}) 12... Ng4 $11 13. Bg1 e5 {[%cal Re5d4]} (13... c5 $5 14. Bd5 cxd4 15. Bxa8 (15. Bxd4 Bxd4 16. Bxa8 Bf2+ 17. Ke2 Nd7 $17) 15... dxc3 16. bxc3 Qxd2+ 17. Kxd2 Rd8+ 18. Kc2 Bd7 $11) 14. d5 Qh4 15. Qd3 a5 16. h3 Ba6 17. Qf3 ({Don't play} 17. hxg4 Qxh1 18. Nxh1 Bxd3 $17) 17... Nf6 18. Bf2 $36 {[%mdl 2048] Hoping for Nf5. White is more active.} Qf4 19. d6 ({Better is} 19. Be3 $11 Qxf3 20. gxf3) 19... Nbd7 (19... Rd8 $15) 20. Be3 {The position is equal.} Qh4 21. Bf2 Qf4 22. Be3 Qh4 23. Bf2 Qf4 {Accuracy: White = 74%, Black = 77%.} 1/2-1/2

[Event "Chesscup Blitz 2020"]
[Site "Katowice"]
[Date "2020.09.12"]
[Round "4.7"]
[White "Faron, Rafal"]
[Black "Golubka, Petro"]
[Result "1/2-1/2"]
[WhiteElo "2224"]
[BlackElo "2488"]
[Annotator "TA"]
[PlyCount "120"]
[EventDate "2020.09.12"]
[EventType "swiss"]
[EventCountry "POL"]
[SourceTitle "playchess.com"]
[Source "ChessBase"]
[SourceQuality "1"]

{[%evp 9,120,0,0,0,-3,-8,-4,-30,-22,-20,-3,-53,0,-3,7,0,3,0,3,0,45,43,42,7,32,-39,0,0,0,-13,10,0,0,0,0,0,0,0,20,0,8,0,27,8,41,14,55,5,5,0,31,0,0,0,31,31,31,29,30,0,31,31,31,31,37,31,37,37,63,45,52,30,47,31,31,30,30,12,12,12,12,12,12,12,12,0,12,0,12,12,20,12,20,19,20,12,16,0,12,12,12,0,12,0,12,12,12,12,12,12,12,0,12]} 1. c4 e6 2. g3 f5 3. Bg2 Nf6 4. Nc3 Bb4 5. e3 Bxc3 6. bxc3 {A10: English Opening: Unusual Replies for Black.} O-O 7. Ne2 d6 8. Rb1 Nc6 9. O-O e5 {[#]} 10. d3 $146 ({Predecessor:} 10. c5 e4 11. cxd6 cxd6 12. d3 Qa5 13. Qb3+ Kh8 14. Ba3 Be6 15. Qxe6 exd3 16. Nd4 Nxd4 17. cxd4 Qxa3 18. Rxb7 {1-0 (32) Gallardo Fernandez,C (2244)-Haslinger,G (2049) Seville 2014}) 10... Kh8 11. Ba3 Qe8 12. c5 d5 13. d4 e4 14. c4 Qf7 15. cxd5 Nxd5 16. Qc2 Rb8 17. Nc3 ({Better is} 17. Bc1 $14) 17... Be6 18. Nxd5 Bxd5 19. Rb2 Rfc8 20. Rfb1 b5 21. Rxb5 Rxb5 22. Rxb5 Bxa2 23. Bf1 Bd5 24. Bc1 h6 25. Bd2 Re8 26. Qa4 Qe6 27. Rb1 (27. Ba5 $5 {[%cal Ra5c7]}) 27... Kh7 28. Bb5 Rb8 {...a6! is the strong threat.} 29. Qc2 Ne7 (29... f4 $5 {[%cal Rb8b5]} 30. Be2 Rf8 $14) 30. Bf1 Rxb1 31. Qxb1 Qc8 32. Qb5 c6 33. Qa4 Qb7 34. Qa5 Ng8 (34... Qb1 {feels hotter.} 35. Qc3 Bb3 36. Be1 f4 37. exf4 Nf5) 35. Qb4 Qxb4 36. Bxb4 $14 {[%mdl 4096] Endgame KBB-KBN} Nf6 37. Be2 Kg8 38. Ba5 Ne8 39. Kf1 Kf7 40. Ke1 g6 41. Kd2 Ke6 42. Kc3 Kd7 43. h4 Nf6 {The position is equal.} 44. Kb2 g5 45. hxg5 hxg5 46. Kc2 Be6 47. Kb2 Bf7 48. Kc2 Bh5 49. Bf1 Bf3 50. Be1 Nd5 51. Bc4 Nf6 52. Kb3 Bh5 53. Kc2 Be8 54. Kb2 Ke7 55. Kc2 Bd7 56. Kb2 Be6 57. Bf1 Kd7 58. Ka3 Kc7 59. Ba5+ Kd7 60. Be1 Bd5 {Accuracy: White = 82%, Black = 78%.} 1/2-1/2